000 00436nam a22001217a 4500
999 _c9489
_d9489
003 OSt
008 201203b ||||| |||| 00| 0 eng d
245 _aThe IUP Journal Of Structural Engineering
250 _a2013(Apr Vol.6 No.2, Jul Vol.6 No.3, Oct Vol.6 No.4) 2014(Jan Vol.7 No.1, Apr Vol.7 No.2, Jul Vol.7 No.3, Oct Vol.7 No.4)
260 _aHyderabad, Andhra Pradesh
_bIUP Publications
650 _aCivil Engineering
942 _2ddc
_cBV